Datum a čas kvízu
22.5
Celkem bodů
Celkový počet nahraných bodů na tomto kvízu bez doplňovacích otázek.
3.
Pořadí na kvízu
Konečné umístění týmu na tomto kvízu.
Zaznamenané odpovědi
| # | Otázka | Odpověď | Body | Výsledky |
|---|---|---|---|---|
| 1. | Provoz a výrobu v rafinérii v... | Litvínov | 1 | |
| 2. | Letiště Šin-Čitose na japonské... | nůžky | 0 | |
| 3. | Animovaný seriál Bob a Bobek –... | Hádkovi | 0 | |
| 4. | Fanoušci značky Škoda vybrali... | Kylaq | 0 | |
| 5. | Při fotbalovém zápase peruánsk... | močil (u rohového praporku) | 0 | |
| 6. | Historie Texasu je těsně spoje... | San Antonio | 0 | |
| 7. | Jak se jmenuje řeka, která tvo... | Rio Grande (Rio Bravo) | 0 | |
| 8. | Jedním z důvodů navštívit Hous... | Saturn V | 0 | |
| 9. | Jak se jmenuje severní soused... | Oklahoma | 0 | |
| 10. | Mezi několik známých osobností... | Eva Longoria, Zoufalé manželky | 0.5 |